MARC

LEADER 00000nam0a2200000 4500
001 60805
005 20231101211914.0
010 |a 5335003227 
035 |a (RuTPU)RU\TPU\book\64293 
090 |a 60805 
100 |a 20040220d1989 km y0rusy50 ca 
101 0 |a rus 
102 |a UA 
105 |a a z 001zy 
200 1 |a Автоматизированные рабочие места  |f Е. А. Карагодова, В. Н. Антонов, В. Ф. Маслов  |g Под ред. В. Н. Антонова 
210 |a Киев  |c Тэхника  |d 1989 
215 |a 127 с.  |c ил. 
320 |a Библиогр.: с. 122-126 
606 |a Рабочее место автоматизированное  |2 stltpush  |3 (RuTPU)RU\TPU\subj\22243  |9 47054 
610 1 |a автоматизированные рабочие места 
610 1 |a построение 
610 1 |a классификации 
610 1 |a персональные электронные вычислительные машины 
610 1 |a применение 
610 1 |a техническое обеспечение 
610 1 |a программное обеспечение 
610 1 |a функциональное обеспечение 
610 1 |a сетевые функции 
675 |a 658.310.322.4  |v 3 
700 1 |a Карагодова  |b Е. А.  |g Елена Александровна 
701 1 |a Антонов  |b В. Н.  |g Валерий Николаевич 
701 1 |a Маслов  |b В. Ф.  |g Владимир Федорович 
702 1 |a Антонов  |b В. Н.  |g Валерий Николаевич  |4 340 
801 1 |a RU  |b 63413507  |c 20040220  |g PSBO 
801 2 |a RU  |b 63413507  |c 20171120  |g PSBO 
942 |c BK